University Home | Library Home | Institutional Repository

Saint-Just, colleague of Robespierre. (Record no. 69177)

MARC details
000 -LEADER
fixed length control field 01074cam1a220026500 4500
001 - CONTROL NUMBER
control field lce00863705
008 - FIXED-LENGTH DATA ELEMENTS--GENERAL INFORMATION
fixed length control field 730814r1973 nyua b 001 0beng
010 ## - LIBRARY OF CONGRESS CONTROL NUMBER
LC control number 73014540 //r85
020 ## - INTERNATIONAL STANDARD BOOK NUMBER
International Standard Book Number 0-374-92010-9
035 ## - SYSTEM CONTROL NUMBER
System control number (Sirsi) r78670
035 ## - SYSTEM CONTROL NUMBER
System control number (DLC) 73014540 //r85
035 ## - SYSTEM CONTROL NUMBER
System control number (UPRA)lce00863705
043 ## - GEOGRAPHIC AREA CODE
Geographic area code e-fr---
050 0# - LIBRARY OF CONGRESS CALL NUMBER
Classification number DC 146.S135 Cur 1973
Item number C8 1973
082 ## - DEWEY DECIMAL CLASSIFICATION NUMBER
Classification number 944.04/4/0924
100 1# - MAIN ENTRY--PERSONAL NAME
Personal name Curtis, Eugene Newton, 1880-1944.
Dates associated with a name Curtis, Eugene Newton, 1880-1944.
Linkage A38468.1
245 10 - TITLE STATEMENT
Title Saint-Just, colleague of Robespierre.
260 ## - PUBLICATION, DISTRIBUTION, ETC.
Place of publication, distribution, etc. New York,
Name of publisher, distributor, etc. Octagon Books,
Date of publication, distribution, etc. 1973 [c1935]
500 ## - GENERAL NOTE
General note Reprint of the ed. published by Columbia University Press, New York.
504 ## - BIBLIOGRAPHY, ETC. NOTE
Bibliography, etc. note Bibliography: p. 387-[394].
600 20 - SUBJECT ADDED ENTRY--PERSONAL NAME
Personal name Saint-Just, 1767-1794.
Dates associated with a name Saint-Just, 1767-1794.
Linkage S30266.1
651 #0 - SUBJECT ADDED ENTRY--GEOGRAPHIC NAME
Geographic name France -- History -- Revolution, 1789-1799.
General subdivision France -- History -- Revolution, 1789-1799.
Chronological subdivision France -- History -- Revolution, 1789-1799.
Linkage S4491.1
949 ## - LOCAL PROCESSING INFORMATION (OCLC)
a DC 146.S135 Cur 1973
w lcc
c 1
i 33729000043328
m MAIN
p 2500
t BOOK
l ON-SHELF

No items available.

© 2026 - The University of Zambia Library - Koha v25.11